Stylebook / Editorial Manual (Record no. 2207)

000 -LEADER
fixed length control field 00579nam a22002057a 4500
003 - CONTROL NUMBER IDENTIFIER
control field OSt
005 - DATE AND TIME OF LATEST TRANSACTION
control field 20210414083324.0
008 - FIXED-LENGTH DATA ELEMENTS--GENERAL INFORMATION
fixed length control field 210312s1971 ||||| |||| 00| 0 eng d
040 ## - CATALOGING SOURCE
Original cataloging agency eng
Language of cataloging eng
Transcribing agency DLC
080 ## - UNIVERSAL DECIMAL CLASSIFICATION NUMBER
Universal Decimal Classification number 811.111
Item number H-94
100 ## - MAIN ENTRY--PERSONAL NAME
9 (RLIN) 1410
Personal name Hussey, H. Hugh
245 ## - TITLE STATEMENT
Title Stylebook / Editorial Manual
Statement of responsibility, etc. / by: American Medical Association
250 ## - EDITION STATEMENT
Edition statement 5th edition
260 ## - PUBLICATION, DISTRIBUTION, ETC.
Place of publication, distribution, etc. Chicago
Name of publisher, distributor, etc. American Medical Association
Date of publication, distribution, etc. 1971
300 ## - PHYSICAL DESCRIPTION
Extent 118 p.
365 ## - TRADE PRICE
Price amount 2 usd
650 #0 - SUBJECT ADDED ENTRY--TOPICAL TERM
9 (RLIN) 480
Topical term or geographic name entry element English Language
653 ## - INDEX TERM--UNCONTROLLED
Uncontrolled term ინგლისური ენა
942 ## - ADDED ENTRY ELEMENTS (KOHA)
Source of classification or shelving scheme
Koha item type Books
Holdings
Withdrawn status Lost status Source of classification or shelving scheme Damaged status Not for loan Permanent location Current location Date acquired Inventory number Total Checkouts Full call number Barcode Date last seen Price effective from Koha item type
          Ken Walker International University Ken Walker International University 03/12/2021 1598   811.111 H-94 1598 03/12/2021 03/12/2021 Books

Powered by Koha